000 00299nam a22001457a 4500
008 230426b ||||| |||| 00| 0 eng d
020 _a9780816043569
041 _aeng
080 _a038
082 _a038AMM
100 _a41
101 _aENCI
245 _aCLICHES
_cAMMER.CH
942 _2udc
_cBK
999 _c59621
_d59621